000 00536nam a2200181 4500
001 148429
003 ES-MaACL
005 20230906202628.0
007 t|
008 070214s1949 fr r ||||1| fre d
100 1 _aStein, Ernst.
_9108025
245 1 0 _aHistoire du Bas-Empire /
_cErnst Stein ; publié par Jean-Remy Palanque.
260 _aParis :
_bDesclée de Brouwer,
_c1949.
300 _aXXXIV, 900 p. ;
_c23 cm +
_e3 map.
500 _aes el tomo II.
700 0 _aPalanque, Jean-Rémy.
_988466
852 _aES-MaACL
_jE-4093
999 _c148429
_d148429